Datum a čas kvízu
24.5
Celkem bodů
Celkový počet nahraných bodů na tomto kvízu bez doplňovacích otázek.
11.
Pořadí na kvízu
Konečné umístění týmu na tomto kvízu.
Zaznamenané odpovědi
| # | Otázka | Odpověď | Body | Výsledky |
|---|---|---|---|---|
| 1. | Do aplikace eRecept přibyla od... | ověření dostupnosti předepsaného léku | 0 | |
| 2. | V nejmenované zemi se odehrála... | v Indonésii | 0 | |
| 3. | Ve čtvrtek měl v kinech premié... | Princezna na hrášku | 1 | |
| 4. | Minulý týden oznámili organizá... | v Ženevě | 1 | |
| 5. | V pondělí se v anglickém Brock... | sýr | 1 | |
| 6. | Kterým výrazem na písmeno M se... | mixologie | 1 | |
| 7. | Ernest Hemingway měl údajně v... | Daiquiri | 0 | |
| 8. | Oblíbenou složkou míchaných ná... | pomeranči | 0 | |
| 9. | Ve filmu Někdo to rád horké se... | Manhattan | 0 | |
| 10. | V poslední otázce se podíváme... | vaječný likér; griotku | 1 |